Statistics for Countries that really want to enter in the Eurovision Song Contest

Click here to take the quiz!

General Stats

  • This quiz has been taken 187 times
  • The average score is 12 of 17

Answer Stats

Hint Answer % Correct
Country's that really want to enter EurovisionThis African country entered once in 1980, and after doing badly, the king forbade it from entering againMorocco
96%
Country's that really want to enter EurovisionThis country not anywhere near Europe has become a regular participantAustralia
92%
Country's that don't really want to enter EurovisionEgypt
91%
Country's that really want to enter EurovisionThis sort of Asian/European country is expressing interest in entering and may soon become eligibleKazakhstan
86%
Country's that don't really want to enter EurovisionThese African countries may be able to enter but have never triedAlgeria
85%
Country's that really want to enter EurovisionThis African country is eligible to enter, tried once, but withdrew beforehandTunisia
85%
Country's that really want to enter EurovisionThis middle eastern country also very nearly entered in 2005Lebanon
85%
Country's that really want to enter EurovisionThis Asian country has expressed interest in entering, the EBU has implied they will consider itChina
83%
Country's that don't really want to enter EurovisionThese two European countries may be able to enter but have never triedKosovo
82%
Country's that don't really want to enter EurovisionLibya
81%
Country's that really want to enter EurovisionWhen this country tried to participate in 1976 with the song "Little Cowboy" it wasn't eligible, but now that in theory it's able to enter, it hasn't bothered sinceLiechtenstein
80%
Country's that don't really want to enter EurovisionThis middle eastern country may be able to enter but has never triedJordan
69%
Country's that don't really want to enter EurovisionVatican City
68%
Country's that really want to enter EurovisionThis middle eastern country has unsuccessfully tried for years to enter, but now it may be inching closer to its goalQatar
55%
Country's that really want to enter EurovisionScotland
49%
Country's that really want to enter EurovisionThese two countries have tried to enter but are not allowed because they are part of other countriesFaroe Islands
26%
Country's that really want to enter EurovisionThis country tried to to enter in the late 80s but never made itSoviet Union
20%

Score Distribution

Percentile by Number Answered

Percent of People with Each Score

Your Score History

You have not taken this quiz